|
|
|
|
| LEADER |
01532cam a2200325 i 4500 |
| 001 |
1808880 |
| 003 |
GR-PaULI |
| 005 |
20241108063406.0 |
| 008 |
790706s1979 gw b 101 0 eng |
| 952 |
|
|
|0 0
|1 0
|2 ddc
|4 0
|6 Π_Σ_515_243000000000000_3_COL
|7 0
|8 NFIC
|9 230499
|a LISP
|b LISP
|c REF
|d 2019-03-01
|i 139630
|l 0
|o Π/Σ 515.243 3 COL
|p 025000044036
|r 2019-03-01 00:00:00
|t 1
|v 2019.00
|w 2019-03-01
|y BK15
|
| 999 |
|
|
|c 140027
|d 140027
|
| 010 |
|
|
|a 79017579
|
| 020 |
|
|
|a 0387095160
|
| 020 |
|
|
|a 3540095160
|
| 040 |
|
|
|a DLC
|c GR-PaULI
|d
|b gre
|e AACR2
|
| 041 |
0 |
|
|a eng
|a fre
|
| 082 |
0 |
4 |
|a 515.243 3
|2 23
|
| 111 |
|
|
|a Colloque d'analyse harmonique non commutative
|n (3rd :
|d 1978 :
|c Université d'Aix-Marseille Luminy)
|9 174339
|
| 245 |
1 |
0 |
|a Non-commutative harmonic analysis :
|b proceedings, Marseille-Luminy, France, June 26 to 30, 1978 : actes du Colloque d'analyse harmonique non commutative /
|c edited by Jacques Carmona and Michèle Vergne.
|
| 260 |
|
|
|a Berlin ;
|a New York :
|b Springer-Verlag,
|c 1979.
|
| 300 |
|
|
|a 244 σ. ;
|c 25 εκ.
|
| 490 |
1 |
|
|a Lecture notes in mathematics
|v 728.
|
| 500 |
|
|
|a
|
| 504 |
|
|
|a Περιλαμβάνει βιβλιογραφικές παραπομπές και ευρετήριο.
|
| 650 |
|
4 |
|a Αρμονική ανάλυση
|9 955
|
| 700 |
1 |
|
|a Carmona, Jacques,
|d 1934-
|9 173977
|e επιμελητής.
|
| 700 |
1 |
|
|a Vergne, Michèle
|9 173978
|e επιμελητής.
|
| 830 |
|
0 |
|a Lecture notes in mathematics (Springer-Verlag)
|v 728.
|9 161263
|
| 942 |
|
|
|2 ddc
|c BKN
|
| 998 |
|
|
|c ΜΠΟΥΡΑΣ
|d 2019-03
|